000 00520nam a2200193Ia 4500
008 131103s9999 xx 000 0 und d
020 _a0 356 04456 4
040 _aLoreto College
041 _aEnglish
082 _aREF
_bLCBED/9635
100 _aKirkpatrick, Penny
245 4 _aThe world of the microscope
_cPenny Kirkpatrick
260 _aBelgium
_bMacdonald Educational
_c1977
300 _a48p
_b ill.
_c 26cm.
504 _aIncludes references & index
650 _aREF
850 _aLCBED/REF
942 _cBK
999 _c34112
_d84591